书目信息 |
| 题名: |
地下结构抗震设计标准= Standard for seismic design of underground structures
|
|
| 作者: | ;中国住房和城乡建设部 主编 | |
| 分册: | ||
| 出版信息: | 北京 中国建筑工业出版社 |
|
| 页数: | 130页 | |
| 开本: | 20cm | |
| 丛书名: | 中华人民共和国国家标准 ; GB/T 51336-2018 | |
| 单 册: | ||
| 中图分类: | TU92-65 | |
| 科图分类: | ||
| 主题词: | 地下建筑物--建筑设计 | |
| 电子资源: | ||
| ISBN: | ||
| 000 | 00916nam0 2200217 450 | |
| 001 | 2040564830 | |
| 005 | 20201103111741.88 | |
| 010 | @dCNY32.00 | |
| 100 | @a20201103d km y0chiy0120 ea | |
| 101 | 0 | @achi |
| 102 | @aCN@b110000 | |
| 200 | 1 | @a地下结构抗震设计标准= Standard for seismic design of underground structures@ADi Xia Jie Gou Kang Zhen She Ji Biao Zhun=Standard for seismic design of underground structures@f中国住房和城乡建设部主编@FZhong Guo Zhu Fang He Cheng Xiang Jian She Bu Zhu Bian |
| 210 | @a北京@c中国建筑工业出版社 | |
| 215 | @a130页@d20cm | |
| 225 | 2 | @a中华人民共和国国家标准 ; GB/T 51336-2018 |
| 410 | 0 | @12001 @a中华人民共和国国家标准 ; GB/T 51336-2018 |
| 606 | 0 | @a地下建筑物@x建筑设计 |
| 690 | @aTU92-65@v4 | |
| 711 | 02 | @a中国住房和城乡建设部@AZhong Guo Zhu Fang He Cheng Xiang Jian She Bu@4主编 |
| 801 | 0 | @aCN@b大连网信软件有限公司图书馆·11@c20201103 |
| 905 | @aZUCC@dTU92-65@eZ661 | |
| 地下结构抗震设计标准= Standard for seismic design of underground structures/中国住房和城乡建设部主编.-北京:中国建筑工业出版社 |
| 130页;20cm.-(中华人民共和国国家标准 ; GB/T 51336-2018) |
| ISBN :CNY32.00 |
| ● |
| 相关链接 |
|
|
|
正题名:地下结构抗震设计标准= Standard for seism
索取号:TU92-65/Z661
 
预约/预借
| 序号 | 登录号 | 条形码 | 馆藏地/架位号 | 状态 | 备注 |
| 1 | 1502230 | 215022302 | 管理学院资料室/ [索取号:TU92-65/Z661] | 在馆 |